| 000 | 00883nam a22001817a 4500 | ||
|---|---|---|---|
| 999 |
_c58947 _d58947 |
||
| 003 | Ge_BSU | ||
| 005 | 20221021162350.0 | ||
| 008 | 221021s1973 ge ||||| |||| 00| 0 geo d | ||
| 041 | _ageo | ||
| 080 | _a2-9(075.3) პ-18 | ||
| 100 |
_aპაპუაშვილი, ნუგზარ _96122 |
||
| 245 |
_aრელიგიის კარიბჭე : რელიგიის ისტორიის შესავალი : _b [სახელმძღვ. უფროსი კლას. და სტუდ.] / _cნუგზარ პაპუაშვილი. |
||
| 264 |
_aთბილისი _bრუბიკონი, _c1996. |
||
| 300 |
_a361 გვ. ; _b20 სმ. |
||
| 500 | _aეძღვნება... ლუდმილა ბრეგაძის ხსოვნას | ||
| 653 | _aრელიგიის ისტორია | ||
| 942 |
_2udc _cBK |
||